Management

Bibliographic Details
Main Author: Coventry, W.F
Format: Book
Published: London : Made Simple Books , 1988
Edition:7th ed.
Subjects:

MARC

LEADER 00000cam a2200000 7i4500
001 0000004268
002 000004587
005 20000330.0
020 |a 0434986143 
090 0 0 |a 658   |b COV 
100 0 |a Coventry, W.F 
245 0 0 |a Management   |c W.F Corenty and J.C Barker 
250 |a 7th ed. 
260 |a London :   |b Made Simple Books ,   |c 1988 
300 |a 286p. ;   |c 23cm. 
650 0 0 |a Management 
999 |a 030166   |b BUKU   |c PINJAMAN   |e PERPUSTAKAAN KOMUNITI PETALING JAYA